| 000 | 01193cam a2200349 a 4500 | ||
|---|---|---|---|
| 003 | CO-BoRNBP | ||
| 005 | 20241119105226.0 | ||
| 007 | ta | ||
| 008 | 010703s2022 ck a jr 00011dspa d | ||
| 020 | _a9786287506602 | ||
| 040 |
_ala _cla |
||
| 041 | 0 | _aspa | |
| 043 | _as-ck--- | ||
| 082 | 0 | 4 |
_aI863 V17s _bV17s |
| 100 | 1 |
_aVasco, Irene, _d1952- _91899 |
|
| 240 | 0 | _aBogotá-Bibliografía regional | |
| 245 | 1 | 0 |
_aSin pies ni cabeza / _cIrene Vasco ; ilustraciones Ivar Da Coll. |
| 250 | _aPrimera edición | ||
| 264 | 4 |
_aBogotá, Colombia _bEnlace editorial _c©2022 |
|
| 300 |
_a30 páginas, _bilustraciones a color _c20 x 20 cm. |
||
| 336 |
_2rdacontent _atexto _btxt |
||
| 337 |
_2rdamedia _asin mediación _bn |
||
| 338 |
_2rdacarrier _avolumen _bnc |
||
| 490 |
_aColección El Tren Dorado, _pPrimera estación, _vCartilla de actividades |
||
| 650 | 7 |
_aCuentos infantiles colombianos. _2BLAAUTO |
|
| 650 | 7 |
_aBrujas _xCuentos infantiles. _2BLAAUTO _943832 |
|
| 650 | 7 |
_aCefalalgia _aCuentos infantiles. _2BLAAUTO _943833 |
|
| 700 | 1 |
_aDa Coll, Ivar, _d1962- _eil. _92446 |
|
| 830 | 0 |
_aLista Básica-Bibliotécas Públicas 1. _942791 |
|
| 942 |
_2ddc _cBKINF |
||
| 949 |
_ac _bn |
||
| 999 |
_c38557 _d38557 |
||